University Home | Library Home | Institutional Repository

Widen the prison gates; (Record no. 153798)

MARC details
000 -LEADER
fixed length control field 00709cam4a220022900 4500
001 - CONTROL NUMBER
control field lce00862546
008 - FIXED-LENGTH DATA ELEMENTS--GENERAL INFORMATION
fixed length control field 731213s1973 nyu 000 0aeng
010 ## - LIBRARY OF CONGRESS CONTROL NUMBER
LC control number 73013118
020 ## - INTERNATIONAL STANDARD BOOK NUMBER
International Standard Book Number 0671216376
-- 0671216384 (pbk.)
020 ## - INTERNATIONAL STANDARD BOOK NUMBER
Terms of availability
Field link and sequence number .95
035 ## - SYSTEM CONTROL NUMBER
System control number (Sirsi) r101310
035 ## - SYSTEM CONTROL NUMBER
System control number (DLC) 73013118
035 ## - SYSTEM CONTROL NUMBER
System control number (UPRA)lce00862546
050 0# - LIBRARY OF CONGRESS CALL NUMBER
Classification number BX4705.B3846
Item number A34
082 ## - DEWEY DECIMAL CLASSIFICATION NUMBER
Classification number 364/.6/0924
-- B
100 1# - MAIN ENTRY--PERSONAL NAME
Personal name Berrigan, Philip.
Linkage A59393.1
245 10 - TITLE STATEMENT
Title Widen the prison gates;
Remainder of title writing from jails, April, 1970-December, 1972.
260 ## - PUBLICATION, DISTRIBUTION, ETC.
Place of publication, distribution, etc. New York,
Name of publisher, distributor, etc. Simon and Schuster
Date of publication, distribution, etc. [1973]
600 10 - SUBJECT ADDED ENTRY--PERSONAL NAME
Personal name Berrigan, Philip.
Linkage S45795.1
949 ## - LOCAL PROCESSING INFORMATION (OCLC)
a BX4705.B3846
w lcc
i -144283
m MAIN
t BOOK
l ON-SHELF

No items available.

© 2026 - The University of Zambia Library - Koha v25.11